000 00697nam a2200253 i 4500
001 C2-0249254
003 PPAK
005 20180727213312.0
008 030429s2002 nyua|||| ||||| | eng d
020 _a0072192569
040 _aPPAK
_beng
_cPPAK
_erda
082 0 4 _a005.72
_223
090 0 0 _a005.72
_bFUL
_dR
100 1 _aFuller, Robert,
_eauthor
245 1 0 _aHTML :
_bvirtual classroom
264 1 _aNew York :
_bOsborne ,
_c2002
300 _axxviii, 273 pages :
_billustrations ;
_c26 cm
336 _2rdacontent
_atext
337 _2rdamedia
_aunmediated
338 _2rdacarrier
_avolume
500 _aIncludes index
650 1 0 _aHTML (Document markup language)
942 _ddc
_cB
999 _c62803
_d62803